| 000 | 00919nas a2200253 4500 | ||
|---|---|---|---|
| 001 | BR8400948 | ||
| 003 | BR-BrBNA | ||
| 005 | 20231205085815.0 | ||
| 007 | ta | ||
| 008 | 230509b bl.|||p| |||| 00| 00por d | ||
| 040 |
_aBR-BrBNA _bpor _cBiblioteca Nacional de Agricultura |
||
| 041 | _a(Pt) | ||
| 072 | _aF00 | ||
| 100 | 1 | _aPopinigis, F. | |
| 111 | 1 |
_a8. Ciclo de Reunioes Conjuntas da Comissao Estadual de Sementes e Mudas do Parana _cFoz do Iguacu, PR (Brazil) _d25 Aug 1983 |
|
| 245 | 1 | _aProducao de sementes sob responsabilidade de associacoes de produtores | |
| 246 | 1 | _aSeed production under seedsmen association's responsability | |
| 650 | _aSEMENTE | ||
| 650 | _aCERTIFICACAO DE SEMENTE | ||
| 650 | _aINSPECAO SANITARIA | ||
| 773 | 0 |
_tRevista Brasileira de Sementes (Brazil) _xISSN 0101-3122 _g(1983), v. 5(3) p. 133-143 _wBR8400948 |
|
| 909 |
_a202311 _bLúcia _c55 _dLúcia Elande |
||
| 942 |
_2AGRIS _n0 _cANA |
||
| 999 |
_c113947 _d113947 |
||